| 000 | 00424nam a2200157Ia 4500 | ||
|---|---|---|---|
| 008 | 230917s9999||||xx |||||||||||||| ||und|| | ||
| 040 |
_e81344 _aMAIN |
||
| 041 | _aEnglish | ||
| 082 | _a342.7 B241C | ||
| 100 | _aBarker, Lucius J | ||
| 245 | 0 | _aCivil liberties and the constitution: Cases and commentaries | |
| 250 | _a5th ed. | ||
| 260 |
_aEnglewoood Cliffs _bPrentice-Hall _c1986 |
||
| 300 | _axii, 642 p. | ||
| 942 | _cBK | ||
| 999 |
_c58619 _d58619 |
||